Telekkönyvi gondviselő
Elmentve itt :
| Szerző: | |
|---|---|
| Dokumentumtípus: | Cikk |
| Megjelent: |
1930
|
| Sorozat: | Polgári jog : a hazai és külföldi magánjog és hiteljog szemléje
6 |
| Kulcsszavak: | Hiteljog jelzálog |
| Online Access: | http://misc.bibl.u-szeged.hu/5585 |
| LEADER | 00598nab a2200169 i 4500 | ||
|---|---|---|---|
| 001 | misc5585 | ||
| 005 | 20191106142653.0 | ||
| 008 | 170607s1930 hu o 0|| hun d | ||
| 040 | |a SZTE Miscellanea Repozitórium |b hun | ||
| 041 | |a hun | ||
| 100 | 1 | |a Nyulászy Alajos | |
| 245 | 1 | 0 | |a Telekkönyvi gondviselő |h [elektronikus dokumentum] / |c Nyulászy Alajos |
| 260 | |c 1930 | ||
| 300 | |a 338-340a | ||
| 490 | 0 | |a Polgári jog : a hazai és külföldi magánjog és hiteljog szemléje |v 6 | |
| 695 | |a Hiteljog jelzálog | ||
| 856 | 4 | 0 | |u http://misc.bibl.u-szeged.hu/5585/1/polgari_jog_1930_338-340a.pdf |z Dokumentum-elérés |